Normal view MARC view
  • SYSTEM ENGINEERING .SYSTEM ANALYSIS .BOND GRAPH .MECHATRONIC

Entry Topical Term

Number of records used in: 1

001 - CONTROL NUMBER

  • control field: 60964

003 - CONTROL NUMBER IDENTIFIER

  • control field: NUST

005 - DATE AND TIME OF LATEST TRANSACTION

  • control field: 20210628202649.0

008 - FIXED-LENGTH DATA ELEMENTS

  • fixed length control field: 210628|| aca||aabn | a|a d

040 ## - CATALOGING SOURCE

  • Original cataloging agency: NUST
  • Transcribing agency: NUST

150 ## - HEADING--TOPICAL TERM

  • Topical term or geographic name entry element: SYSTEM ENGINEERING .SYSTEM ANALYSIS .BOND GRAPH .MECHATRONIC

670 ## - SOURCE DATA FOUND

  • Source citation: Work cat.: (NUST): Karnopp, Dean C, Margolis, Donald L, Rosenberg, Ronald.C 60963, System dynamics modeling and simulation of mechatronic systems, 2006
© 2023 Central Library, National University of Sciences and Technology. All Rights Reserved.